[Event "A test for players who move fairly quickly"]
[Site "SchemingMind.com"]
[Date "2012.07.27"]
[Round "-"]
[White "Scooter"]
[Black "Phillip Beckett"]
[Result "1/2-1/2"]
[WhiteCountry "USA"]
[BlackCountry "ENG"]
[WhiteElo "1767"]
[WhiteRD "49"]
[BlackElo "1600"]
[BlackRD "47"]
[GameID "315157"]

1. d4 d5 2. Nf3 Nf6 3. Bf4 e6 4. h3 Be7 5. e3 c6 6. Be2 Nbd7 7. O-O O-O 8. Nbd2 Re8 9. c4 dxc4 10. Nxc4 Nb6
11. Qc2 Nxc4 12. Bxc4 Nd5 13. Bxd5 exd5 14. a3 g6 15. Bh6 Bf6 16. b4 Bg7 17. Bxg7 Kxg7 18. a4 a6 19. Rfb1 Bd7 20. Ne5 f6
21. Nxd7 Qxd7 22. Qc5 Qe7 23. Qxe7+ Rxe7 24. b5 axb5 25. axb5 Rxa1 26. Rxa1 Kf7 27. Rc1 Rc7 28. Kf1 Ke7 29. h4 Kd6 30. bxc6 bxc6
31. g4 c5 32. Rxc5 Rxc5 33. dxc5+ Kxc5 34. f4 Kc4 35. Ke2 Kc3 36. Kf3 Kd3 37. h5 f5 38. hxg6 hxg6 39. gxf5 gxf5 40. Kf2 Ke4
41. Ke2 d4 42. exd4=
1/2-1/2

[Event "A test for players who move fairly quickly"]
[Site "SchemingMind.com"]
[Date "2012.07.27"]
[Round "-"]
[White "Phillip Beckett"]
[Black "Scooter"]
[Result "0-1"]
[WhiteCountry "ENG"]
[BlackCountry "USA"]
[WhiteElo "1600"]
[WhiteRD "47"]
[BlackElo "1767"]
[BlackRD "49"]
[GameID "315158"]

1. e4 c6 2. d4 d5 3. Nc3 dxe4 4. Nxe4 Bf5 5. Ng3 Bg6 6. Nf3 Nd7 7. Bd3 Bxd3 8. Qxd3 Ngf6 9. O-O Qc7 10. Re1 O-O-O
11. Bg5 h6 12. Be3 e6 13. c3 Bd6 14. b4 Nd5 15. a4 Bf4 16. b5 Bxe3 17. fxe3 Qa5 18. bxc6 bxc6 19. c4 Nb4 20. Qb3 Kc7
21. d5 Nc5 22. Nd4 Nxb3
0-1

[Event "A test for players who move fairly quickly"]
[Site "SchemingMind.com"]
[Date "2012.08.05"]
[Round "-"]
[White "emvarela"]
[Black "Phillip Beckett"]
[Result "1-0"]
[WhiteCountry "ARG"]
[BlackCountry "ENG"]
[WhiteElo "1743"]
[WhiteRD "46"]
[BlackElo "1600"]
[BlackRD "47"]
[GameID "315274"]

1. e4 e5 2. Nf3 Nc6 3. Bb5 a6 4. Bxc6 dxc6 5. O-O Qd6 6. Na3 b5 7. c3 Bg4 8. d4 exd4 9. cxd4 O-O-O 10. Be3 Kb7
11. h3 Bc8 12. Qd2 f6 13. Rac1 g5 14. Rfd1 h5 15. d5 cxd5 16. exd5 g4 17. Rc6 Qe7 18. Qd4
1-0

[Event "A test for players who move fairly quickly"]
[Site "SchemingMind.com"]
[Date "2012.08.05"]
[Round "-"]
[White "emvarela"]
[Black "Scooter"]
[Result "0-1"]
[WhiteCountry "ARG"]
[BlackCountry "USA"]
[WhiteElo "1746"]
[WhiteRD "46"]
[BlackElo "1806"]
[BlackRD "47"]
[GameID "315275"]

1. e4 c6 2. d4 d5 3. Nc3 dxe4 4. Nxe4 Bf5 5. Ng3 Bg6 6. h4 h6 7. h5 Bh7 8. Nf3 Nd7 9. Bd3 Bxd3 10. Qxd3 Qc7
11. Bd2 Ngf6 12. O-O-O O-O-O 13. Ne4 e6 14. g3 Nc5 15. Nxc5 Bxc5 16. c3 Ng4 17. Be3 e5 18. Qf5+ Qd7 19. Qxd7+ Rxd7 20. Nxe5 Nxe5
21. dxc5 Rhd8 22. Rxd7 Rxd7 23. Rd1 Nc4 24. Rxd7 Kxd7 25. b3 Nxe3 26. fxe3 Ke6 27. Kd2 Kf5 28. Ke2 Kg4 29. Kf2 Kxh5 30. Kf3 Kg5
31. e4 h5 32. a4 h4 33. gxh4+ Kxh4 34. b4 g5 35. b5 Kh3 36. Kf2 g4 37. c4 Kh2
0-1

[Event "A test for players who move fairly quickly"]
[Site "SchemingMind.com"]
[Date "2012.08.05"]
[Round "-"]
[White "Phillip Beckett"]
[Black "emvarela"]
[Result "0-1"]
[WhiteCountry "ENG"]
[BlackCountry "ARG"]
[WhiteElo "1600"]
[WhiteRD "47"]
[BlackElo "1743"]
[BlackRD "46"]
[GameID "315276"]

1. e4 e5 2. Nf3 Nc6 3. Bb5 f5 4. Bxc6 dxc6 5. Nxe5 Qd4 6. Qh5+ g6 7. Nxg6 Qxe4+ 8. Kd1 Nf6 9. Qg5 Ng4 10. Qh4 hxg6
11. Qg3 Bd6 12. f3 Bxg3 13. fxe4 Nf2+ 14. Ke2 Nxh1 15. hxg3 Nxg3+ 16. Kf3 Nxe4
0-1

[Event "A test for players who move fairly quickly"]
[Site "SchemingMind.com"]
[Date "2012.08.05"]
[Round "-"]
[White "Scooter"]
[Black "emvarela"]
[Result "1-0"]
[WhiteCountry "USA"]
[BlackCountry "ARG"]
[WhiteElo "1806"]
[WhiteRD "47"]
[BlackElo "1746"]
[BlackRD "46"]
[GameID "315277"]

1. d4 Nf6 2. Nf3 e6 3. Bg5 c5 4. c3 d5 5. e3 Nc6 6. Bb5 Bd7 7. O-O h6 8. Bxf6 Qxf6 9. Bxc6 Bxc6 10. Nbd2 cxd4
11. Nxd4 e5 12. Nxc6 bxc6 13. Qb3 Bc5 14. c4 Qe6 15. cxd5 Qxd5 16. Rad1 Qxb3 17. Nxb3 Bb6 18. Rd6 c5 19. Rd5 f6 20. Nxc5 Bxc5
21. Rxc5 O-O 22. Rfc1 Rf7 23. Rc8+ Rxc8 24. Rxc8+ Kh7 25. b4 Rb7 26. a3 a5 27. Rc4 axb4 28. Rxb4 Ra7 29. a4 g5 30. g4 Kg6
31. Kg2 h5 32. h3 Ra6 33. f3 h4 34. e4 Kf7 35. Kf2 Ke6 36. Ke3 Kd6 37. Kd3 Kc5 38. Kc3 Ra5 39. Kb3 Kc6 40. Rb8 Ra6
41. Kb4 Ra7 42. a5 Rd7 43. Rb6+
1-0

[Event "A test for players who move fairly quickly"]
[Site "SchemingMind.com"]
[Date "2012.08.05"]
[Round "-"]
[White "mmccaffe"]
[Black "emvarela"]
[Result "0-1"]
[WhiteCountry "USA"]
[BlackCountry "ARG"]
[WhiteElo "1602"]
[WhiteRD "57"]
[BlackElo "1746"]
[BlackRD "46"]
[GameID "315385"]

1. e4 e5 2. Nf3 Nc6 3. Bb5 a6 4. Ba4 Nf6 5. O-O Be7 6. Re1 b5 7. Bb3 O-O 8. a4 b4 9. d3 h6 10. Nbd2 Bb7
11. Nf1 d5 12. exd5 Nxd5 13. Nxe5 Nxe5 14. Rxe5 Bd6 15. Re1 Qh4 16. Ng3 Bxg3 17. hxg3 Qf6 18. Qf3 Qxf3 19. gxf3 Nf6 20. f4 a5
21. Bd2 Bd5 22. Bxd5 Nxd5 23. Re5 c6 24. Rae1 Nf6 25. Rc5 Rfc8 26. Rce5 Re8 27. Rxe8+ Rxe8 28. Rxe8+ Nxe8 29. Be3 Nd6 30. Bb6 Nb7
31. Kg2 f5 32. Kf3 Kf7 33. Ke3 Ke6 34. Kd4 Kd6 35. c3 bxc3 36. bxc3 g6 37. f3 c5+ 38. Kc4 Kc6 39. d4 Kxb6
0-1

[Event "A test for players who move fairly quickly"]
[Site "SchemingMind.com"]
[Date "2012.08.02"]
[Round "-"]
[White "mmccaffe"]
[Black "Phillip Beckett"]
[Result "1-0"]
[WhiteCountry "USA"]
[BlackCountry "ENG"]
[WhiteElo "1645"]
[WhiteRD "60"]
[BlackElo "1600"]
[BlackRD "47"]
[GameID "315386"]

1. c4 e5 2. Nc3 Nf6 3. g3 d5 4. cxd5 Nxd5 5. Bg2 Be6 6. Nf3 f6 7. O-O Qd7 8. d3 Nc6 9. a3 O-O-O 10. Qc2 h5
11. Nxd5 Bxd5 12. h4 Bxf3 13. Bxf3 Nd4 14. Qc4 Nxf3+ 15. exf3 Qxd3 16. Qe6+ Kb8 17. Be3 Qd7 18. Rfd1 Bd6 19. Qc4 Qe7 20. Rac1 b6
21. a4 c5 22. a5 Bc7 23. axb6 axb6 24. Qa6 Rxd1+ 25. Rxd1 Rd8 26. Ra1 Bd6 27. Qa8+ Kc7 28. Ra7#
1-0

[Event "A test for players who move fairly quickly"]
[Site "SchemingMind.com"]
[Date "2012.08.03"]
[Round "-"]
[White "mmccaffe"]
[Black "Scooter"]
[Result "0-1"]
[WhiteCountry "USA"]
[BlackCountry "USA"]
[WhiteElo "1645"]
[WhiteRD "60"]
[BlackElo "1767"]
[BlackRD "49"]
[GameID "315387"]

1. c4 Nf6 2. Nc3 e6 3. d4 d5 4. cxd5 exd5 5. Bg5 Be7 6. e3 c6 7. Bd3 Nbd7 8. Nf3 O-O 9. Qc2 Re8 10. O-O-O h6
11. Bh4 b5 12. h3 b4 13. Ne2 Bb7 14. g4 c5 15. Kb1 Ne4 16. Bxe7 Qxe7 17. Bxe4 dxe4 18. Nfg1 cxd4 19. Nxd4 Rec8 20. Qa4 Ne5
21. Nge2 Nd3 22. Rdf1 Qc5 23. Nc1 Qc4 24. Qb3 Nxc1 25. Rxc1 Qd3+ 26. Qxd3 exd3 27. Rhd1 Be4 28. f3 d2+
0-1

[Event "A test for players who move fairly quickly"]
[Site "SchemingMind.com"]
[Date "2012.08.05"]
[Round "-"]
[White "emvarela"]
[Black "mmccaffe"]
[Result "1-0"]
[WhiteCountry "ARG"]
[BlackCountry "USA"]
[WhiteElo "1743"]
[WhiteRD "46"]
[BlackElo "1645"]
[BlackRD "60"]
[GameID "315388"]

1. e4 c5 2. Nf3 d6 3. d4 cxd4 4. Nxd4 Nf6 5. Nc3 g6 6. Bd3 Bg7 7. O-O O-O 8. Be3 Nc6 9. Nxc6 bxc6 10. f3 Bd7
11. Bc4 Qa5 12. Qd2 Qb4 13. Bb3 a5 14. a3 Qb7 15. Rad1 Be6 16. Bxe6 fxe6 17. b3 Nd7 18. Bg5 Nf6 19. Bxf6 Bxf6 20. Ne2 Qb6+
21. Kh1 Qc5 22. a4 Kg7 23. Nf4 Qe5 24. Nd3 Qc3 25. Qxc3 Bxc3 26. f4 d5 27. Nc5 dxe4 28. Nxe6+ Kf7 29. Nxf8
1-0

[Event "A test for players who move fairly quickly"]
[Site "SchemingMind.com"]
[Date "2012.08.02"]
[Round "-"]
[White "Phillip Beckett"]
[Black "mmccaffe"]
[Result "0-1"]
[WhiteCountry "ENG"]
[BlackCountry "USA"]
[WhiteElo "1600"]
[WhiteRD "47"]
[BlackElo "1645"]
[BlackRD "60"]
[GameID "315389"]

1. e4 c5 2. Nf3 d6 3. d4 cxd4 4. Nxd4 Nf6 5. Nc3 a6 6. Bg5 e6 7. f4 Be7 8. Qf3 O-O 9. O-O-O Nbd7 10. g4 Qc7
11. Bxf6 Nxf6 12. g5 Nd7 13. Bh3 Nb6 14. f5 Bxg5+ 15. Kb1 e5 16. Nde2 Nc4 17. Ka1 b5 18. Nd5 Qc5 19. Rdg1 h6 20. Bg4 Bb7
21. h4 Be3 22. Nf6+ gxf6 23. Bh5+ Kh7 24. Rg6 fxg6 25. Bxg6+ Kg7 26. Qg3 Rg8 27. Bh5+ Kh8 28. Bg6 d5 29. Qg4 Qb4 30. Qh5 Qxb2#
0-1

[Event "A test for players who move fairly quickly"]
[Site "SchemingMind.com"]
[Date "2012.08.03"]
[Round "-"]
[White "Scooter"]
[Black "mmccaffe"]
[Result "1/2-1/2"]
[WhiteCountry "USA"]
[BlackCountry "USA"]
[WhiteElo "1767"]
[WhiteRD "49"]
[BlackElo "1645"]
[BlackRD "60"]
[GameID "315390"]

1. d4 Nf6 2. Nf3 g6 3. Bf4 Bg7 4. h3 O-O 5. e3 d6 6. Be2 Nbd7 7. O-O b6 8. c4 c6 9. Nc3 Bb7 10. Rb1 a6
11. a4 d5 12. cxd5 Nxd5 13. Nxd5 cxd5 14. b4 Rc8 15. Rc1 Rxc1 16. Qxc1 Qc8 17. Nd2 e6 18. Nb3 Rd8 19. b5 a5 20. Qxc8 Rxc8
21. Rc1 Rxc1+= 22. Nxc1 Kf8 23. Nd3 Ke8 24. g4 Bf6 25. Kg2 g5 26. Be5 Nxe5 27. Nxe5 Bxe5 28. dxe5 d4+ 29. Bf3 Bxf3+ 30. Kxf3 dxe3
31. Kxe3 Ke7 32. f4 h6 33. fxg5 hxg5 34. Kf3 Kf8 35. Kg3 Kg7 36. h4 Kg6 37. h5+ Kh7=
1/2-1/2

[Event "A test for players who move fairly quickly"]
[Site "SchemingMind.com"]
[Date "2012.08.15"]
[Round "-"]
[White "keen"]
[Black "mmccaffe"]
[Result "1-0"]
[WhiteCountry "SCO"]
[BlackCountry "USA"]
[WhiteElo "1717"]
[WhiteRD "61"]
[BlackElo "1645"]
[BlackRD "60"]
[GameID "316055"]

1. e4 c5 2. Nf3 d6 3. d4 cxd4 4. Nxd4 Nf6 5. Nc3 a6 6. Be2 e5 7. Nb3 Be7 8. Be3 O-O 9. O-O Nbd7 10. Re1 Qc7
11. Nd5 Nxd5 12. exd5 b5 13. f4 Bb7 14. Bf3 exf4 15. Bxf4 Bf6 16. Kh1 Bxb2 17. Rb1 Bf6 18. Nd4 Ne5 19. Rb3 Nxf3 20. Nxf3 Rfe8
21. Rxe8+ Rxe8 22. Rd3 b4 23. Bg3 a5 24. Nh4 Qe7 25. Nf5 Qe2 26. Nxd6 Qxd1+ 27. Rxd1 Re7 28. Nxb7 Rxb7 29. d6 Rd7 30. Re1 Kf8
31. Kg1 Bd4+ 32. Kf1 Bc5 33. Rd1 f6 34. Rd5 Kf7 35. Rxc5
1-0

[Event "A test for players who move fairly quickly"]
[Site "SchemingMind.com"]
[Date "2012.08.18"]
[Round "-"]
[White "keen"]
[Black "emvarela"]
[Result "0-1"]
[WhiteCountry "SCO"]
[BlackCountry "ARG"]
[WhiteElo "1762"]
[WhiteRD "59"]
[BlackElo "1746"]
[BlackRD "46"]
[GameID "316056"]

1. d4 Nf6 2. e3 d5 3. Bd3 c5 4. c3 Nc6 5. f4 Bg4 6. Nf3 e6 7. Nbd2 Bd6 8. h3 Bxf3 9. Qxf3 cxd4 10. cxd4 Nb4
11. Bb5+ Ke7 12. a3 Nc2+ 13. Kd1 Nxa1 14. Bd3 Qb6
0-1

[Event "A test for players who move fairly quickly"]
[Site "SchemingMind.com"]
[Date "2012.08.15"]
[Round "-"]
[White "keen"]
[Black "Phillip Beckett"]
[Result "0-1"]
[WhiteCountry "SCO"]
[BlackCountry "ENG"]
[WhiteElo "1717"]
[WhiteRD "61"]
[BlackElo "1600"]
[BlackRD "47"]
[GameID "316057"]

1. e4 e5 2. Nf3 Nc6 3. Bb5 a6 4. Ba4 Nf6 5. O-O Be7 6. Re1 b5 7. Bb3 O-O 8. c3 d5 9. exd5 Nxd5 10. Nxe5 Nxe5
11. Rxe5 Nf6 12. d4 Bd6 13. Re1 Ng4 14. g3 Nxh2 15. Bd5 Bg4 16. f3 Bxg3 17. fxg4 Qh4 18. Re2 Rae8 19. Qc2 Bf2+ 20. Rxf2 Qg3+
0-1

[Event "A test for players who move fairly quickly"]
[Site "SchemingMind.com"]
[Date "2012.08.15"]
[Round "-"]
[White "keen"]
[Black "Scooter"]
[Result "0-1"]
[WhiteCountry "SCO"]
[BlackCountry "USA"]
[WhiteElo "1717"]
[WhiteRD "61"]
[BlackElo "1767"]
[BlackRD "49"]
[GameID "316058"]

1. e4 c6 2. d4 d5 3. Nc3 dxe4 4. Nxe4 Bf5 5. Ng3 Bg6 6. Nf3 Nd7 7. b3 Ngf6 8. Bb2 e6 9. Be2 h6 10. O-O Bd6
11. Re1 Qc7 12. c4 O-O 13. Ne5 Nxe5 14. dxe5 Bxe5 15. Bxe5 Qxe5 16. Bd3 Qg5 17. Re3 Rad8 18. Qc2 Bxd3 19. Rxd3 Qg6 20. Rad1 Rd7
21. Qd2 Rfd8 22. Rxd7 Rxd7 23. Qe2 Rxd1+ 24. Qxd1 Ne4 25. Qd3 Nxg3 26. Qxg6 fxg6 27. hxg3 Kf7 28. f3 c5 29. Kf2 Kf6 30. Ke3 Ke5
31. Kd3 g5 32. Ke3 h5 33. Kd3 g6 34. Ke3 Kf5 35. Kd3 h4 36. gxh4 gxh4 37. Ke3 g5 38. a3 a5 39. Kf2 Kf4
0-1

[Event "A test for players who move fairly quickly"]
[Site "SchemingMind.com"]
[Date "2012.08.15"]
[Round "-"]
[White "mmccaffe"]
[Black "keen"]
[Result "0-1"]
[WhiteCountry "USA"]
[BlackCountry "SCO"]
[WhiteElo "1645"]
[WhiteRD "60"]
[BlackElo "1717"]
[BlackRD "61"]
[GameID "316059"]

1. e4 e5 2. Nf3 Nc6 3. Bb5 a6 4. Ba4 Nf6 5. O-O b5 6. Bb3 Be7 7. Re1 O-O 8. a4 Bb7 9. d3 d6 10. Nbd2 Na5
11. Nf1 Nxb3 12. cxb3 b4 13. Ng3 Re8 14. h3 h6 15. Be3 Bf8 16. Rc1 d5 17. exd5 Nxd5 18. d4 Nxe3 19. fxe3 exd4 20. exd4 Rxe1+
21. Nxe1 Bd6 22. Nf5 Bf4 23. Qg4 Bg5 24. h4 Bf6 25. Nxh6+ Kf8 26. Nf5 Bc8 27. Qf4 Bxf5 28. Qxf5 Bxd4+ 29. Kh1 Qxh4+ 30. Qh3 Qxh3+
31. gxh3 Re8
0-1

[Event "A test for players who move fairly quickly"]
[Site "SchemingMind.com"]
[Date "2012.08.19"]
[Round "-"]
[White "emvarela"]
[Black "keen"]
[Result "1-0"]
[WhiteCountry "ARG"]
[BlackCountry "SCO"]
[WhiteElo "1746"]
[WhiteRD "46"]
[BlackElo "1762"]
[BlackRD "59"]
[GameID "316060"]

1. e4 e6 2. d4 d5 3. Nc3 Nf6 4. e5 Nfd7 5. f4 c5 6. Nf3 Nc6 7. Be3 Qb6 8. Na4 Qa5+ 9. c3 c4 10. b4 Nxb4
11. cxb4 Bxb4+ 12. Kf2 b5 13. Nc5 Nxc5 14. dxc5 Bc3 15. Rc1 Qxa2+ 16. Rc2 Qa5 17. Nd4 b4 18. Be2 b3 19. Rxc3 Qxc3 20. Qa1 b2
21. Qa4+ Kf8 22. Qc6 g6 23. Qxa8 Kg7 24. Qxa7 Qb4 25. Qe7 Rf8 26. f5 exf5 27. Qf6+
1-0

[Event "A test for players who move fairly quickly"]
[Site "SchemingMind.com"]
[Date "2012.08.15"]
[Round "-"]
[White "Phillip Beckett"]
[Black "keen"]
[Result "0-1"]
[WhiteCountry "ENG"]
[BlackCountry "SCO"]
[WhiteElo "1600"]
[WhiteRD "47"]
[BlackElo "1717"]
[BlackRD "61"]
[GameID "316061"]

1. e4 e5 2. Nf3 Nc6 3. Bb5 a6 4. Bxc6 dxc6 5. d4 exd4 6. Qxd4 Qxd4 7. Nxd4 Nf6 8. Nd2 c5 9. N4b3 b6 10. f3 Be6
11. Nf1 Be7 12. Bf4 O-O-O 13. Nfd2 h6 14. O-O-O Rd7 15. Nb1 Rhd8 16. Rxd7 Rxd7 17. Rd1 Rxd1+ 18. Kxd1 Nd7 19. N1d2 Nb8 20. Nc1 Nc6
21. a3 Bf6 22. Ne2 Bxb2 23. Nb1 Nd4 24. Nxd4 cxd4 25. Be5 f6 26. Bf4 Ba2 27. Nd2 Bxa3 28. Nb3 c5 29. e5 fxe5 30. Bxe5 g6
31. Bg7 h5 32. g4 hxg4 33. fxg4 a5 34. h4 a4 35. Nc1 Be6 36. h5 gxh5 37. gxh5 Bg4+
0-1

[Event "A test for players who move fairly quickly"]
[Site "SchemingMind.com"]
[Date "2012.08.15"]
[Round "-"]
[White "Scooter"]
[Black "keen"]
[Result "0-1"]
[WhiteCountry "USA"]
[BlackCountry "SCO"]
[WhiteElo "1767"]
[WhiteRD "49"]
[BlackElo "1717"]
[BlackRD "61"]
[GameID "316062"]

1. d4 Nf6 2. Nf3 e6 3. Bg5 Be7 4. e3 O-O 5. Be2 b6 6. O-O Bb7 7. Nbd2 d6 8. c4 Nbd7 9. b4 h6 10. Bxf6 Nxf6
11. Re1 a6 12. Qc2 Rc8 13. Qb3 Bc6 14. b5 axb5 15. cxb5 Bd7 16. a4 Nd5 17. Bc4 c6 18. Bxd5 exd5 19. bxc6 Bxc6 20. Rec1 Qd7
21. Ne1 Rc7 22. Nd3 Rfc8 23. Nb4 Bb7 24. Rxc7 Rxc7 25. Nxd5 Qc6 26. e4 Rd7 27. Nxb6 Rc7 28. d5 Qc5 29. a5 Ba6 30. Qb2 Bf6
31. Na4 Bxb2 32. Nxc5 Rxc5 33. Rb1 Bd3 34. Rd1 Ba6 35. g3 Rxa5 36. Rb1 Ra1
0-1

[Event "A test for players who move fairly quickly"]
[Site "SchemingMind.com"]
[Date "2012.08.20"]
[Round "-"]
[White "roque"]
[Black "keen"]
[Result "1-0"]
[WhiteCountry "FRA"]
[BlackCountry "SCO"]
[WhiteElo "1769"]
[WhiteRD "109"]
[BlackElo "1717"]
[BlackRD "61"]
[GameID "316286"]

1. e4 e6 2. d4 d5 3. Nc3 Nf6 4. Bg5 Be7 5. e5 Nfd7 6. Bxe7 Qxe7 7. f4 O-O 8. Nf3 c5 9. Bd3 Nc6 10. Bxh7+ Kh8
11. Ng5 g6 12. h4 Nxd4 13. h5 Nxe5 14. hxg6 Kg7 15. gxf7 Nxf7 16. Nxf7 Nxc2+ 17. Bxc2
1-0

[Event "A test for players who move fairly quickly"]
[Site "SchemingMind.com"]
[Date "2012.08.21"]
[Round "-"]
[White "roque"]
[Black "mmccaffe"]
[Result "1/2-1/2"]
[WhiteCountry "FRA"]
[BlackCountry "USA"]
[WhiteElo "1893"]
[WhiteRD "81"]
[BlackElo "1602"]
[BlackRD "57"]
[GameID "316287"]

1. e4 c5 2. Nf3 d6 3. d4 cxd4 4. Nxd4 Nf6 5. Nc3 a6 6. Bc4 e6 7. O-O Be7 8. Re1 O-O 9. f4 Nc6 10. Nxc6 bxc6
11. e5 Nd5 12. Nxd5 cxd5 13. exd6 Bxd6 14. Bb3 Bd7 15. Be3 Qc7 16. Qf3 g5 17. Rf1 gxf4 18. Bxf4 Bxf4 19. Qxf4 Qxf4 20. Rxf4 Rac8
21. c3 Bb5 22. Re1 Bc4 23. Bxc4 Rxc4 24. Rxc4 dxc4 25. Re5 Rb8 26. Rc5 Rxb2 27. a4 Ra2 28. Rxc4 Ra3=
1/2-1/2

[Event "A test for players who move fairly quickly"]
[Site "SchemingMind.com"]
[Date "2012.08.20"]
[Round "-"]
[White "roque"]
[Black "emvarela"]
[Result "1-0"]
[WhiteCountry "FRA"]
[BlackCountry "ARG"]
[WhiteElo "1893"]
[WhiteRD "81"]
[BlackElo "1746"]
[BlackRD "46"]
[GameID "316288"]

1. e4 e5 2. Nf3 Nc6 3. Bb5 a6 4. Bxc6 dxc6 5. O-O Qd6 6. d4 exd4 7. Nxd4 Bd7 8. Be3 O-O-O 9. Nc3 f6 10. Qe2 Nh6
11. Bxh6 gxh6 12. Rad1 Qf4 13. Nf3 Bg4 14. Rxd8+ Kxd8 15. Qd3+ Bd6 16. Ne2
1-0

[Event "A test for players who move fairly quickly"]
[Site "SchemingMind.com"]
[Date "2012.08.20"]
[Round "-"]
[White "roque"]
[Black "Phillip Beckett"]
[Result "1-0"]
[WhiteCountry "FRA"]
[BlackCountry "ENG"]
[WhiteElo "1893"]
[WhiteRD "81"]
[BlackElo "1561"]
[BlackRD "46"]
[GameID "316289"]

1. e4 e5 2. Nf3 Nc6 3. Bb5 a6 4. Bxc6 dxc6 5. O-O Qd6 6. d4 exd4 7. Nxd4 c5 8. Ne2 Qxd1 9. Rxd1 Bd7 10. Nbc3 O-O-O
11. Bf4 Ne7 12. Rd2 Ng6 13. Bg3 f6 14. f4 Bd6 15. Nd5 Bc6 16. c4 Rhe8 17. f5 Ne5 18. Bxe5 Bxe5 19. Rad1 b6 20. Ne7+ Kb7
21. Rxd8 Rxe7 22. b3 Bxe4 23. Rf1 Bc6 24. Rd3 Be4 25. Re3 Bd4 26. Nxd4 cxd4 27. Ree1 d3 28. Rd1 Rd7 29. Rf4 Bc6 30. g4 d2
31. Rf2 b5 32. Rfxd2 Rxd2 33. Rxd2 bxc4 34. bxc4 Bf3 35. h3 Bc6 36. h4 h6 37. c5
1-0

[Event "A test for players who move fairly quickly"]
[Site "SchemingMind.com"]
[Date "2012.08.20"]
[Round "-"]
[White "roque"]
[Black "Scooter"]
[Result "1/2-1/2"]
[WhiteCountry "FRA"]
[BlackCountry "USA"]
[WhiteElo "1893"]
[WhiteRD "81"]
[BlackElo "1806"]
[BlackRD "47"]
[GameID "316290"]

1. e4 c6 2. d4 d5 3. exd5 cxd5 4. c4 Nf6 5. Nc3 e6 6. Nf3 Bb4 7. Bd3 O-O 8. O-O a6 9. Bg5 Nbd7 10. cxd5 Bxc3
11. dxe6 Bxb2 12. exd7 Bxa1 13. dxc8=Q Rxc8 14. Qxa1 h6 15. Bxf6 Qxf6 16. Ne5 Rfd8 17. Rd1 Rd6 18. Bc4 Rc7 19. Qb2 b5 20. Bb3 a5
21. Qa3 a4 22. Nxf7 Rxf7 23. Bxf7+ Kxf7 24. Qc5 Qe6 25. Qxb5 Qxa2 26. Qb7+ Kg6 27. Qe4+ Kf7 28. Re1 Re6 29. Qb7+ Kf6 30. Rxe6+ Qxe6
31. Qf3+ Kg6 32. g3 Qb3 33. Qe4+ Kf7 34. d5 a3 35. Qe6+ Kf8 36. Qc8+ Kf7 37. Qe6+ Kf8 38. Qc8+ Kf7 39. Qe6+
1/2-1/2

[Event "A test for players who move fairly quickly"]
[Site "SchemingMind.com"]
[Date "2012.08.21"]
[Round "-"]
[White "keen"]
[Black "roque"]
[Result "1/2-1/2"]
[WhiteCountry "SCO"]
[BlackCountry "FRA"]
[WhiteElo "1717"]
[WhiteRD "61"]
[BlackElo "1769"]
[BlackRD "109"]
[GameID "316291"]

1. e4 c5 2. Nf3 e6 3. g3 d5 4. exd5 exd5 5. Bg2 Nf6 6. O-O Be7 7. d4 c4 8. Re1 O-O 9. c3 Nc6 10. Nbd2 Bf5
11. Ne5 Nxe5 12. Rxe5 Bd3 13. Bf1 Bd6 14. Re1 Bg6 15. Bg2 Qc7 16. Nf1 Rae8 17. Ne3 Be4 18. Bxe4 Rxe4 19. Bd2 Rfe8 20. Qf3 Qc6
21. Nf5=
1/2-1/2

[Event "A test for players who move fairly quickly"]
[Site "SchemingMind.com"]
[Date "2012.08.21"]
[Round "-"]
[White "mmccaffe"]
[Black "roque"]
[Result "0-1"]
[WhiteCountry "USA"]
[BlackCountry "FRA"]
[WhiteElo "1602"]
[WhiteRD "57"]
[BlackElo "1893"]
[BlackRD "81"]
[GameID "316292"]

1. e4 c5 2. Nf3 e6 3. d4 cxd4 4. Nxd4 a6 5. c4 Bc5 6. Be3 Qb6 7. Qd2 Nc6 8. Nxc6 Bxe3 9. fxe3 dxc6 10. Nc3 Nf6
11. Bd3 Ng4 12. Nd1 e5 13. h3 Nf6 14. Nc3 Qa5 15. O-O Be6 16. b4 Qc7 17. b5 O-O 18. a4 Rfd8 19. Qe2 c5 20. Rf3 Rd6
21. Raf1 Rad8 22. Nd5 Bxd5 23. exd5 e4 24. Bxe4 Nxe4 25. Rxf7 Qc8 26. b6 Rxb6 27. Re7 Re8 28. Rff7 Rxe7 29. Rxe7 Ng3 30. Qf3 Rb1+
0-1

[Event "A test for players who move fairly quickly"]
[Site "SchemingMind.com"]
[Date "2012.08.21"]
[Round "-"]
[White "emvarela"]
[Black "roque"]
[Result "0-1"]
[WhiteCountry "ARG"]
[BlackCountry "FRA"]
[WhiteElo "1717"]
[WhiteRD "50"]
[BlackElo "1910"]
[BlackRD "84"]
[GameID "316293"]

1. e4 c5 2. Nf3 e6 3. d4 cxd4 4. Nxd4 a6 5. Bd3 Bc5 6. Nb3 Ba7 7. O-O Nc6 8. Qe2 d6 9. Be3 Bxe3 10. Qxe3 Nf6
11. h3 e5 12. Nc3 O-O 13. f4 Bd7 14. fxe5 Nxe5 15. Rad1 Qc7 16. Nd5 Nxd5 17. exd5 Rae8 18. Qf2 Nxd3 19. Rxd3 Bb5 20. Rc3 Qd7
21. Re1 Rxe1+ 22. Qxe1 Re8 23. Qg3 Re5 24. Qf3 Be2 25. Qg3 Rxd5 26. Re3 Bb5 27. Qf3 Bc6 28. Qe2 Rg5 29. g4 h5 30. Re7 Qc8
31. Nd4 hxg4 32. Nxc6 gxh3+ 33. Kf1 Rf5+ 34. Ke1 Qxc6 35. Re8+ Kh7 36. Re4 Re5 37. Rxe5 dxe5 38. Qd3+ g6 39. Qxh3+ Kg7 40. Qd3 Qh1+
41. Kd2 Qg2+ 42. Kc3 Qc6+ 43. Kd2 Qa4 44. a3 Qd4 45. Qxd4 exd4 46. Kd3 Kf6 47. Kxd4 Kf5 48. Ke3 Kg4 49. Kf2 Kh3 50. Kg1 f5
51. c4 g5 52. c5 g4 53. b4 f4 54. a4 g3 55. b5 axb5 56. axb5 f3 57. c6 f2+
0-1

[Event "A test for players who move fairly quickly"]
[Site "SchemingMind.com"]
[Date "2012.08.21"]
[Round "-"]
[White "Phillip Beckett"]
[Black "roque"]
[Result "0-1"]
[WhiteCountry "ENG"]
[BlackCountry "FRA"]
[WhiteElo "1561"]
[WhiteRD "46"]
[BlackElo "1893"]
[BlackRD "81"]
[GameID "316294"]

1. e4 c5 2. Nf3 e6 3. d4 cxd4 4. Nxd4 a6 5. Bd3 Bc5 6. Nb3 Ba7 7. O-O Nc6 8. Qe2 d6 9. c3 Nge7 10. Be3 Bxe3
11. Qxe3 O-O 12. N1d2 e5 13. Rad1 Be6 14. f4 exf4 15. Qxf4 Ng6 16. Qf2 Nce5 17. Bc2 Qd7 18. Nf3 Nxf3+ 19. gxf3 Bh3 20. Rfe1 Rad8
21. f4 Qg4+ 22. Qg3 Nxf4 23. Qxg4 Bxg4 24. Rd2 Rfe8 25. Re3 Re5 26. Rg3 Ne2+ 27. Kg2 Nxg3 28. hxg3 d5 29. exd5 Rexd5 30. Rxd5 Rxd5
31. Nd4 b5 32. Bb3 Rd6 33. Kf2 g5 34. Ke3 h5 35. Ke4 h4 36. gxh4 gxh4 37. Kf4 Bd7 38. Kg5 h3
0-1